The awakening, and selected stories / (Record no. 200468077)

MARC details
000 -LEADER
fixed length control field 01644cam a2200433 i 4500
001 - CONTROL NUMBER
control field 200468077
003 - CONTROL NUMBER IDENTIFIER
control field TR-AnTOB
005 - DATE AND TIME OF LATEST TRANSACTION
control field 20260413143005.0
007 - PHYSICAL DESCRIPTION FIXED FIELD--GENERAL INFORMATION
fixed length control field ta
008 - FIXED-LENGTH DATA ELEMENTS--GENERAL INFORMATION
fixed length control field 260413s1981 nyu 000 1 eng
010 ## - LIBRARY OF CONGRESS CONTROL NUMBER
LC control number 80024429
020 ## - INTERNATIONAL STANDARD BOOK NUMBER
International Standard Book Number 0394326679
Qualifying information (paperback)
International Standard Book Number 9780394326672
Qualifying information (paperback)
035 ## - SYSTEM CONTROL NUMBER
System control number 1827166
System control number (TR-AnTOB)200468077
040 ## - CATALOGING SOURCE
Original cataloging agency DLC
Language of cataloging eng
Description conventions rda
Transcribing agency DLC
Modifying agency DLC
-- TR-AnTOB
041 0# - LANGUAGE CODE
Language code of text/sound track or separate title İngilizce
050 00 - LIBRARY OF CONGRESS CALL NUMBER
Classification number PS1294.C63
Item number A6 1981
090 ## - LOCALLY ASSIGNED LC-TYPE CALL NUMBER (OCLC); LOCAL CALL NUMBER (RLIN)
Classification number (OCLC) (R) ; Classification number, CALL (RLIN) (NR) PS1294.C63
Local cutter number (OCLC) ; Book number/undivided call number, CALL (RLIN) A6 1981
100 1# - MAIN ENTRY--PERSONAL NAME
Personal name Chopin, Kate,
Dates associated with a name 1850-1904
Relator term author
Relator code aut
9 (RLIN) 116579
240 10 - UNIFORM TITLE
Uniform title Selected works.
Date of a work 1981
245 14 - TITLE STATEMENT
Title The awakening, and selected stories /
Statement of responsibility, etc. Kate Chopin ; introduction by Nina Baym.
250 ## - EDITION STATEMENT
Edition statement First edition.
264 #1 - PRODUCTION, PUBLICATION, DISTRIBUTION, MANUFACTURE, AND COPYRIGHT NOTICE
Place of production, publication, distribution, manufacture New York :
Name of producer, publisher, distributor, manufacturer Modern Library,
Date of production, publication, distribution, manufacture, or copyright notice 1981.
300 ## - PHYSICAL DESCRIPTION
Extent lviii, 354 pages ;
Dimensions 19 cm
336 ## - CONTENT TYPE
Content type term text
Content type code txt
Source rdacontent
337 ## - MEDIA TYPE
Media type term unmediated
Media type code n
Source rdamedia
338 ## - CARRIER TYPE
Carrier type term volume
Carrier type code nc
Source rdacarrier
490 0# - SERIES STATEMENT
Series statement Modern Library college editions
500 ## - GENERAL NOTE
General note Originally published: New York : Random House, 1981
505 0# - FORMATTED CONTENTS NOTE
Formatted contents note Love on the Bon-Dieu.--Beyond the bayou.--A visit to Avoyelles.--La belle Zorïade [i.e. Zoraïde].--In Sabine.--Ozème's holiday.--A matter of prejudice.--At Chênière Caminada.--A respectable woman.--Regret.--Athénaïse.--A night in Acadie.--The awakening.
650 #0 - SUBJECT ADDED ENTRY--TOPICAL TERM
Topical term or geographic name entry element Women
Geographic subdivision Louisiana
Form subdivision Fiction
9 (RLIN) 116581
651 #0 - SUBJECT ADDED ENTRY--GEOGRAPHIC NAME
Geographic name Louisiana
General subdivision Social life and customs
Form subdivision Fiction
9 (RLIN) 116582
655 #7 - INDEX TERM--GENRE/FORM
Genre/form data or focus term Fiction
Source of term lcgft
9 (RLIN) 151487
700 1# - ADDED ENTRY--PERSONAL NAME
Personal name Baym, Nina
Relator term writer of introduction
Relator code win
9 (RLIN) 28123
942 ## - ADDED ENTRY ELEMENTS (KOHA)
Source of classification or shelving scheme Library of Congress Classification
Koha item type Book
Holdings
Withdrawn status Lost status Source of classification or shelving scheme Damaged status Not for loan Collection code Home library Current library Shelving location Date acquired Source of acquisition Inventory number Total Checkouts Full call number Barcode Date last seen Copy number Date shelved Koha item type Public note
    Library of Congress Classification Kullanılmış / Used Ödünç Verilemez-Kurumiçi kullanım / Not for loan-For inhouse use Genel Koleksiyon Tıp Fakültesi Medikal Kütüphane Tıp Fakültesi Medikal Kütüphane Genel Koleksiyon / Main Collection 18/03/2026 Bağış / Donation İDE   PS1294.C63 A6 1981 TıpFaK TF03060 13/04/2026 1 13/04/2026 Book Donated by Prof. Dr. Şükrü Cin
Devinim Yazılım Eğitim Danışmanlık tarafından Koha'nın orjinal sürümü uyarlanarak geliştirilip kurulmuştur.